Normal view MARC view
  • Educación

Entry Materia

Number of records used in: 31

001 - NÚMERO DE CONTROL DEL REGISTRO

  • campo de control: 12877

003 - IDENTIFICADOR DE NUMERO DE CONTROL

  • campo de control: UPN

005 - FECHA Y HORA DE LA ÚLTIMA TRANSACCIÓN

  • campo de control: 20230217124950.0

008 - DATOS DE LONGITUD FIJA

  • campo de control de longitud fija: 230217n||acnnnbabn | ana |d

035 ## - NÚMERO DE CONTROL DEL SISTEMA

  • Número de control del sistema: UPN10000012885

040 ## - FUENTE DE LA CATALOGACIÓN

  • Centro catalogador de origen: UPN
  • Lengua de catalogación: spa
  • Agencia de transcripción: UPN

046 ## - FECHAS CON CODIFICACIÓN ESPECIAL

  • Fecha final para contenidos agregados: 2023

150 ## - ENCABEZAMIENTO - TEMÁTICO

  • Término de materia o nombre geográfico como elemento inicial: Educación
  • Subdivisión geográfica: México
  • Subdivisión de materia general: Historia
  • Subdivisión cronológica: Siglo XX

670 ## - FUENTE EN LA QUE SE LOCALIZARON DATOS

  • Cita de la fuente: LC
  • Información localizada: Education - Mexico - History - 20th century

902 ## - CATALOGADOR

  • Catalogador: MMA/141096